Normal view MARC view

Entry Meeting Name

Number of records used in: 1

001 - CONTROL NUMBER

  • control field: 25536

003 - CONTROL NUMBER IDENTIFIER

  • control field: OSt

005 - DATE AND TIME OF LATEST TRANSACTION

  • control field: 20211105134944.0

008 - FIXED-LENGTH DATA ELEMENTS

  • fixed length control field: 211105|| aca||aabn | a|a d

040 ## - CATALOGING SOURCE

  • Original cataloging agency: OSt
  • Transcribing agency: OSt

111 ## - HEADING--MEETING NAME

  • Meeting name or jurisdiction name as entry element: Liege International Astrophysics Colloquium
  • Number of part/section/meeting: 34th
  • Location of meeting: Liege, Belgium
  • Date of meeting or treaty signing: 1998 June 15-18

670 ## - SOURCE DATA FOUND

  • Source citation: Work cat.: (OSt): Liege International Astrophysics Colloquium 34th Liege, Belgium 1998 June 15-18, The Next generation space telescope, 1998

Powered by Koha